Nástroje udržateľného marketingu

Spoločenská zodpovednosť voči budúcim generáciám a životnému prostrediu. Schopnosť napĺňať tieto ciele si vyžaduje inovácie a začlenenie myšlienok spoločenskej zodpovednosti do stratégie spoločnosti.

Guardado en:
Detalles Bibliográficos
Autor principal: Okasová, Zuzana, 1988-
Formato: Capítulo de libro
Lenguaje:eslovaco
Materias:
Etiquetas: Agregar Etiqueta
Sin Etiquetas, Sea el primero en etiquetar este registro!

MARC

LEADER 00000naa$a2200000$$$4500
001 0217353
005 20240502073619.8
041 0 |a slo 
044 |a SK 
245 1 0 |a Nástroje udržateľného marketingu  |c Zuzana Okasová 
520 |a Spoločenská zodpovednosť voči budúcim generáciám a životnému prostrediu. Schopnosť napĺňať tieto ciele si vyžaduje inovácie a začlenenie myšlienok spoločenskej zodpovednosti do stratégie spoločnosti. 
610 2 0 |a marketing environmentálny 
610 2 0 |a nástroje marketingové 
610 2 0 |a stratégia marketingová 
610 2 0 |a komunikácia marketingová 
610 2 0 |a zodpovednosť spoločenská 
610 2 0 |a rozvoj trvalo udržateľný 
100 1 |a Okasová, Zuzana, 1988-